000 01017cam a2200313 a 4500
001 3186
005 20240216092142.0
020 _a9781416991502 (hardcover : alk. paper)
040 _aDLC
_cDLC
_dDLC
_beng
050 0 0 _aPZ7.T36694
_b 2009
082 0 0 _a426
100 1 _aThomas, Jan
_d1958-
245 1 0 _aHere comes the big, mean dust bunny! /
_cby Thomas, Jan
250 _aFirst Scholastic printing, January 2011
260 _aNew York :
_bScholastic ,
_c2009
300 _a36 unnumbered pages :
_bcolor illustrations ;
_c24 cm.
490 _a Dusty Bunnies
505 _aE
520 _aDust bunnies who enjoy rhyming games and a boisterous cat who likes to chase and grab learn how to play together.
521 1 _a230
_bLexile
521 1 _aE
_bRaz-Plus
650 1 _aRhyme
_vFiction.
650 1 _aDust
_vFiction.
650 1 _aCats
_vFiction.
650 1 _aPlay
_vFiction.
650 1 _aHumorous stories.
906 _a7
_bcbc
_corignew
_d1
_eecip
_f20
_gy-gencatlg
942 _2ddc
_cBK
_n0
999 _c3186
_d3186